Modern industrial organization

Na minha lista:
Detalhes bibliográficos
Autor principal: Carlton, Dennis W.
Formato: Livro
Idioma:Undetermined
Publicado em: New York Pearson 2005
Assuntos:
Tags: Adicionar Tag
Sem tags, seja o primeiro a adicionar uma tag!
Thư viện lưu trữ: Trung tâm Học liệu Trường Đại học Cần Thơ
LEADER 00522nam a2200193Ia 4500
001 CTU_93245
008 210402s9999 xx 000 0 und d
020 |c 59.50 
082 |a 338.6 
082 |b C285 
100 |a Carlton, Dennis W. 
245 0 |a Modern industrial organization 
245 0 |c Dennis W. Carlton 
260 |a New York 
260 |b Pearson 
260 |c 2005 
650 |a Industrial organization (economic theory) 
904 |i Trúc,Hải 
980 |a Trung tâm Học liệu Trường Đại học Cần Thơ